| 000 | 01128nam a22003135i 4500 | ||
|---|---|---|---|
| 003 | EG-ScBUE | ||
| 005 | 20260105092704.0 | ||
| 008 | 190427t2005 caua f 000 0 eng d | ||
| 020 | _a0534467776 (student ed.) | ||
| 020 | _a9780534467777 (student ed.) | ||
| 040 |
_aEG-ScBUE _beng _erda _cEG-ScBUE _dEG-ScBUE |
||
| 082 | 0 | 4 |
_a547 _bIVE _222 |
| 100 | 1 |
_aIverson, Brent L., _eauthor. _91157 |
|
| 245 | 1 | 0 |
_aOrganic Chemistry : _bstudent study guide and solutions manual for brown, Foote, And Iverson's / _cBrent Iverson, University of Texas at Austin, Sheila Iverson, University of Texas at Austin. |
| 250 | _aFourth edition. | ||
| 264 | 1 |
_aBelmont, CA : _bThomson Brooks / Cole, _c[2005] |
|
| 264 | 4 | _cc2005 | |
| 300 |
_a738 pages : _billustrations ; _c28 cm |
||
| 336 |
_2rdacontent _atext _btxt |
||
| 337 |
_aunmediated _2rdamedia _bn |
||
| 338 |
_avolume _bnc _2rdacarrier |
||
| 504 | _aIncludes bibliographical references. | ||
| 650 | 7 |
_aChemistry, Organic _vTextbooks. _2BUEsh |
|
| 651 | _2BUEsh | ||
| 653 |
_bENGCHE _cApril2019 |
||
| 655 | _vReading book | ||
| 700 | 1 |
_aIverson, Sheila A., _eauthor. |
|
| 942 |
_2ddc _cBB |
||
| 999 |
_c3792 _d3792 |
||